000 00845nam a2200229 a 4500
001 44829
003 BD-RjUL
005 20211209053926.0
008 160720s1955 ii ||||| |||| 00| 0 ben d
020 _c: Tk. 2.80
035 _a(BD-RjUL)44947
040 _aBD-RjUL
_bben
_cBD-RjUL
041 _aben
082 _223
_a891.443
_bVOP 1955
100 1 _aভট্টাচার্য্য, পৃথ্বীশচন্দ্র
_9137396
245 1 0 _aপতঙ্গ /
_cপৃথ্বীশচন্দ্র ভট্টাচার্য্য
260 _aকলিকাতা :
_bকর্ণওয়ালিস ষ্ট্রীট,
_c১৯৫৫
300 _a১৭১ পৃ. ;
_c১৭ সেমি.
650 _aবাংলা উপন্যাস
_9137397
650 _aBengali fiction
_9137398
942 _2ddc
_cBK
999 _c44829
_d44829